|
|
|
|
| LEADER |
02146nam a2200553 a 4500 |
| 001 |
nkc20102125049 |
| 003 |
CZ PrNK |
| 005 |
20121121111120.0 |
| 007 |
ta |
| 008 |
100908s2010 xr f 001 0 cze |
| 015 |
|
|
|a cnb002125049
|
| 020 |
|
|
|a 978-80-247-2959-6
|q (brož.)
|
| 035 |
|
|
|a (OCoLC)681497223
|
| 040 |
|
|
|a OLA001
|b cze
|d ABA001
|
| 041 |
0 |
|
|a cze
|b eng
|
| 072 |
|
7 |
|a 159.92
|x Vývojová psychologie. Individuální psychologie
|2 Konspekt
|9 17
|
| 080 |
|
|
|a 159.923
|2 MRF
|
| 080 |
|
|
|a 159.944
|2 MRF
|
| 080 |
|
|
|a 159.913
|2 MRF
|
| 080 |
|
|
|a (048.8)
|2 MRF
|
| 100 |
1 |
|
|a Paulík, Karel,
|d 1949-
|7 jo20000074604
|4 aut
|
| 245 |
1 |
0 |
|a Psychologie lidské odolnosti /
|c Karel Paulík
|
| 250 |
|
|
|a Vyd. 1.
|
| 260 |
|
|
|a Praha :
|b Grada,
|c 2010
|
| 300 |
|
|
|a 240 s. ;
|c 24 cm
|
| 490 |
1 |
|
|a Psyché
|
| 500 |
|
|
|a Terminologický slovník
|
| 504 |
|
|
|a Obsahuje bibliografii a rejstříky
|
| 546 |
|
|
|a Anglické resumé
|
| 650 |
0 |
7 |
|a adaptace (psychologie)
|7 ph543382
|2 czenas
|
| 650 |
0 |
7 |
|a psychická odolnost
|7 ph124783
|2 czenas
|
| 650 |
0 |
7 |
|a stres (psychologie)
|7 ph116294
|2 czenas
|
| 650 |
0 |
7 |
|a zvládání stresu
|7 ph135858
|2 czenas
|
| 650 |
0 |
9 |
|a adaptation (psychology)
|2 eczenas
|
| 650 |
0 |
9 |
|a psychic resistance
|2 eczenas
|
| 650 |
0 |
9 |
|a stress (psychology)
|2 eczenas
|
| 650 |
0 |
9 |
|a stress management
|2 eczenas
|
| 655 |
|
7 |
|a monografie
|7 fd132842
|2 czenas
|
| 655 |
|
9 |
|a monographs
|2 eczenas
|
| 830 |
|
0 |
|a Psyché (Grada)
|0 s
|
| 856 |
4 |
1 |
|u https://www.digitalniknihovna.cz/mzk/uuid/uuid:6b3d78f0-8be2-11e7-a9c3-005056827e52
|y Digitalizovaný dokument
|x NDK
|
| 910 |
2 |
|
|a BOA001
|b 2-1249.336
|
| 990 |
|
|
|a BK
|
| 995 |
|
|
|a 01
|
| 991 |
|
|
|b 201010
|c NOV
|e n
|j 159.92 PAU
|
| 996 |
6 |
|
|b 2610447908
|c 2-1249.336
|l MZK
|r Sklad / do 1 hodiny
|n 37
|p p.v.
|w 001144368
|u 000010
|a 1
|e BOA001
|j MZK50
|s P
|
| 996 |
7 |
|
|b 2610449332
|c 2-1249.336
|l Vol.výběr
|r VV 0p
|n 56
|p kup
|h 159.92 PAU
|w 001144368
|u 000020
|a 0
|e BOA001
|j MZK50
|s A
|
| 996 |
7 |
|
|b 2610529520
|c 2-1249.336
|l Vol.výběr
|r VV 0p
|n 54
|p kup
|h 159.92 PAU
|w 001144368
|u 000030
|a 0
|e BOA001
|j MZK50
|s A
|
| 996 |
7 |
|
|b 2610529521
|c 2-1249.336
|l Vol.výběr
|r VV 0p
|n 59
|p kup
|h 159.92 PAU
|w 001144368
|u 000040
|a 0
|e BOA001
|j MZK50
|s A
|